2012 San Antonio Spurs Roster - Statistics

General Stats
  • This quiz has been taken 339 times
  • The average score is 8 of 21
Answer Stats
Answer % Correct
Tim Duncan
99%
Tony Parker
96%
Manu Ginóbili
90%
Kawhi Leonard
80%
Danny Green
67%
Tiago Splitter
53%
Boris Diaw
51%
Patrick Mills
44%
Matt Bonner
39%
DeJuan Blair
29%
Stephen Jackson
28%
Gary Neal
27%
Cory Joseph
24%
Richard Jefferson
15%
James Anderson
13%
T.J. Ford
5%
Derrick Byars
4%
Malcolm Thomas
4%
Eric Dawson
3%
Ike Diogu
3%
Justin Dentmon
3%
No matching quizzes found
Score Distribution
Percent of People with Each Score
Percentile by Number Answered
Your Score History
You have not taken this quiz